000 00305nam a22001337a 4500
008 170601b xxu||||| |||| 00| 0 eng d
020 _a9780801314810
041 _aeng
080 _a94
100 _a17
101 _aSHH
245 _aTHE LONGMAN GUIDE WORLD AFFAIRS
_cNOLAN.C.J
942 _2udc
_cBK
999 _c15359
_d15359